000 00740nam a22002657a 4500
003 CHAP
005 20220329141446.0
008 971013s1974 es a r 00010 spa d
010 _a68495
011 _a69467
035 _a78943
040 _cCHAP
082 0 4 _a636.0892664
_bS2Y
100 0 0 _aSchmidt, Glen Henry.
_9103051
245 1 _aBiología de la lactación
260 _aZaragoza,
_c1974
300 _a307 P.
_b: ilus., gráfs.
500 _a29-132
590 _aBATCH-UPD
_b10
_c20130110
_lUCH01
_h0832
590 _aCONVERSION
_b10
_c20130109
_lUCH01
_h1338
650 1 4 _aLactancia.
_964346
901 _aBK
942 _cLIBRO
949 _a636.0892664 S2y
_bBC
_cLIBRO
_d33724000268389
_eLIBRO
_gI.144445
_h74653
_i78943
_si
_t90.00
999 _c68495
_d68495